| 000 | 00652nam a2200205Ia 4500 | ||
|---|---|---|---|
| 008 | 160319s9999 xx 000 0 und d | ||
| 050 | _a333.79 | ||
| 050 | _bD489 1989 vol.1 | ||
| 245 | _aDevelopment and management of energy resources : | ||
| 245 | _b1989 International symposium papers / | ||
| 260 | _aManila, Philippines : | ||
| 260 | _bPhilippine Association for the Advancement of Science, | ||
| 260 | _c1989 | ||
| 300 | _axv, 572 pages ; | ||
| 300 | _c23 cm. | ||
| 440 | _vvol. 1 | ||
| 650 | _aBiogas. | ||
| 650 | _aEnergy resources. | ||
| 700 | _aPhilippine Association for the Advancement of Science (PhiLAAS), corporate author. | ||
| 999 |
_c292119 _d292119 |
||